00674cam a22002171 4500001001300000003000400013005001700017008004100034010001700075035001900092040004000111042001200151050001900163110004700182245005900229260004300288300003300331500002800364610004700392999001700439war17000227 DLC20260227112811.0830919s1917 dcuk f000 0 eng c awar17000227  a(OCoLC)9923447 aU.S. Army War Coll. Libr.cMBUdDLC apremarc00aUG23b.A6 19171 aUnited States.bArmy.bCorps of Engineers.10aOrders and regulations, Corps of Engineers, U.S. Army. aWashington,bGovt. Print. Off.,c1917. a558 p.bfold. forms.c20 cm. aWar Dept. doc. no. 622.10aUnited States.bArmy.bCorps of Engineers. c92325d92325